00805nam a2200241Ia 4500008004100000020002000041040001400061082002100075100001900096245003800115260003600153300001100189365002800200366000800228505002200236530003000258620003400288630003800322730003800360942000900398999001900407952013700426100315s9999 xx 000 0 und d a9788187111498  cENGLISH  b7819 a336.24  a"Mehta, N.V. " aIncome Tax Ready Reckoner 2003-04 aMUMBAI bShri Kuber  c2004  a352   eRupees d1 b360.00  f0  gVaibhav Gaikwad  bDonated By RBI Library   a"Income Tax , Advance Tax, " aIncome Tax Ready Reckoner 2003-04 aIncome Tax Ready Reckoner 2003-04 cBOOK c482554d482551 00104070aVPMBRIMSbVPMBRIMSd2009-04-25g360.00l0o336.24 /MEH  7819 pVPMBRIMS-7819 r2010-03-19 00:00:00w2010-03-19yBOOK